Teorías y hechos sobre la vida : las células /
Compendio, dividido en dos tomos, de textos relativos a una gama amplia de temas biológicos -que van desde la teoría celular hasta la ecología- y dirigidos tanto a estudiantes como a profesores del área biomédica. En el primer volumen, Francisco Javier Alvarez Leefmans presenta "La teoría celular en...
Gespeichert in:
| 1. Verfasser: | |
|---|---|
| Format: | Buch |
| Sprache: | Spanisch |
| Veröffentlicht: |
México :
Consejo Nacional de Fomento Educativo : Alhambra,
1987, c1987
|
| Schlagworte: | |
| Tags: |
Keine Tags, Fügen Sie das erste Tag hinzu!
|
MARC
| LEADER | 00000nam^a2200000^a^4500 | ||
|---|---|---|---|
| 001 | 000116325 | ||
| 005 | 20250521000000.0 | ||
| 009 | 20260310094125.352 | ||
| 020 | |a 968-444-066-9 | ||
| 037 | |a Acervo ITESO - Biblioteca | ||
| 041 | |a ESP | ||
| 082 | |a 574. |b MUÑ V. 1 | ||
| 100 | |a Muñoz Martínez, Julio |e (coord.) | ||
| 240 | 1 | 1 | |a [Teorías y hechos sobre la vida] |
| 245 | 1 | 0 | |a Teorías y hechos sobre la vida : |b las células / |c Coord. y presen. de J. Muñoz Martínez. |
| 264 | 4 | |a México : |b Consejo Nacional de Fomento Educativo : |b Alhambra, |c 1987, c1987 | |
| 300 | |a 230 p. | ||
| 336 | |a texto |b txt |2 rdacontenido | ||
| 337 | |a sin mediación |b n |2 rdamedio | ||
| 338 | |a volumen |b nc |2 rdasoporte | ||
| 520 | |a Compendio, dividido en dos tomos, de textos relativos a una gama amplia de temas biológicos -que van desde la teoría celular hasta la ecología- y dirigidos tanto a estudiantes como a profesores del área biomédica. En el primer volumen, Francisco Javier Alvarez Leefmans presenta "La teoría celular en el tiempo", Jesús Manuel León Cázares "Origen y evolución celular" y Rubén López Revilla "Información y expresión genética". La mancuerna de Edgardo Escamilla y Patricia del Arenal se ocupa de las "Bacterias y protozoarios", mientras Laura Camarena Mejía y Carlos Fernández Tomás hacen lo propio con los "Virus". Las dos últimas contribuciones del tomo son de Walid Kuri-Harcuch y Federico Castro Muñozledo, quienes abordan la "Diferenciación celular", y de Armando Gómez Puyou, que dedica su texto a la "Bioenergética". | ||
| 649 | |a XX | ||
| 650 | |a Teoría Micelar | ||
| 650 | |a Células - |x Diferenciación | ||
| 650 | |a Células | ||
| 650 | |a Citología | ||
| 650 | |a Genética | ||
| 650 | |a Bacterias | ||
| 650 | |a Protozoarios | ||
| 650 | |a Virus | ||
| 650 | |a Microorganismos | ||
| 650 | |a Microbiología | ||
| 650 | |a Bioenergética | ||
| 650 | |a Biología | ||
| 650 | |a Ciencias Naturales | ||
| 910 | |a Fondo General | ||
| 920 | |a Impresos - Libros | ||
| 930 | |a Colección General | ||
| 905 | |a 101 | ||
| 901 | |a 0500050605 |b IT1 |c ACC |u 20250521 | ||
| 902 | |a https://opac.biblio.iteso.mx/vufind/Record/000116325 | ||